Länder die sich gegenseitig hassen - Statistiken

Allgemein
  • Dieses Quiz wurde 643 mal gespielt
  • Das Durchschnittsergebnis liegt bei 8 aus 9
Antwortstatistiken
Land Größter Feind % Korrekt
Taiwan China
98%
Japan Nordkorea
98%
Südkorea Nordkorea
98%
Russland Ukraine
92%
Indien Pakistan
87%
Iran Vereinigte Staaten
87%
Kroatien Serbien
86%
Sudan Süd Sudan
83%
Israel Palästina
72%
Keine übereinstimmenden Quizze gefunden
Verteilung der Resultate
Anzahl Personen mit jedem Resultat
Perzentil nach korrekt beantworteten Fragen
Ihre Resultats-Entwicklung
Sie haben dieses Quiz noch nicht gespielt